Russia's Turn to the East (Record no. 65374)
[ view plain ]
| 000 -LEADER | |
|---|---|
| fixed length control field | 01277nam a2200265Ii 4500 |
| 008 - FIXED-LENGTH DATA ELEMENTS--GENERAL INFORMATION | |
| fixed length control field | 221202s xx 000 0 und d |
| 245 #0 - TITLE STATEMENT | |
| Title | Russia's Turn to the East |
| 246 ## - VARYING FORM OF TITLE | |
| Title proper/short title | Domestic Policymaking and Regional Cooperation |
| 264 #1 - PRODUCTION, PUBLICATION, DISTRIBUTION, MANUFACTURE, AND COPYRIGHT NOTICE | |
| Place of production, publication, distribution, manufacture | Basingstoke |
| Name of producer, publisher, distributor, manufacturer | Springer Nature |
| Date of production, publication, distribution, manufacture, or copyright notice | 2018 |
| 300 ## - PHYSICAL DESCRIPTION | |
| Extent | 1 online resource (167 pages) |
| 336 ## - CONTENT TYPE | |
| Content type term | text |
| Content type code | txt |
| Source | rdacontent |
| 337 ## - MEDIA TYPE | |
| Media type term | computer |
| Media type code | c |
| Source | rdamedia |
| 338 ## - CARRIER TYPE | |
| Carrier type term | online resource |
| Carrier type code | cr |
| Source | rdacarrier |
| 490 ## - SERIES STATEMENT | |
| Series statement | Global Reordering |
| 520 ## - SUMMARY, ETC. | |
| Summary, etc. | Development studies; Russia; Far East; International affairs; Energy; Shanghai cooperation organization; Economic development; Security policy; Multilateral organizations; Diplomacy; Regionalism; Russian:European relations; Russia’s “pivot to the East”; Annexation of Crimea; Regional politics; Eurasia; Ukraine; Sanctions regime; Foreign policy |
| 653 ## - INDEX TERM--UNCONTROLLED | |
| Uncontrolled term | Development Studies |
| 653 ## - INDEX TERM--UNCONTROLLED | |
| Uncontrolled term | Energy |
| 653 ## - INDEX TERM--UNCONTROLLED | |
| Uncontrolled term | Far East |
| 653 ## - INDEX TERM--UNCONTROLLED | |
| Uncontrolled term | International Affairs |
| 653 ## - INDEX TERM--UNCONTROLLED | |
| Uncontrolled term | Russia |
| 700 1# - ADDED ENTRY--PERSONAL NAME | |
| Personal name | Blakkisrud, Helge |
| 700 1# - ADDED ENTRY--PERSONAL NAME | |
| Personal name | Wilson Rowe, Elana |
| 856 ## - ELECTRONIC LOCATION AND ACCESS | |
| Uniform Resource Identifier | <a href="https://library.oapen.org/bitstream/20.500.12657/28135/1/1001859.pdfhttps://link.springer.com/book/10.1007/978-3-319-69790-1http://library.oapen.org/handle/20.500.12657/28135">https://library.oapen.org/bitstream/20.500.12657/28135/1/1001859.pdfhttps://link.springer.com/book/10.1007/978-3-319-69790-1http://library.oapen.org/handle/20.500.12657/28135</a> |
| 942 ## - ADDED ENTRY ELEMENTS (KOHA) | |
| Koha item type | E-Book |
| Withdrawn status | Damaged status | Not for loan | Home library | Current library | Date acquired | Total Checkouts | Date last seen | Price effective from | Koha item type |
|---|---|---|---|---|---|---|---|---|---|
| Directory of Open Access Books | Directory of Open Access Books | 11/28/2022 | 11/28/2022 | 11/28/2022 | E-Book |